[Event "SLO-ch U10 Girls"]
[Site "Murska Sobota"]
[Date "2006.02.27"]
[Round "3"]
[White "Kolar, Neza"]
[Black "Pozsonecz, Veronika"]
[Result "1-0"]
[WhiteElo "1500"]
[BlackElo "1500"]
[PlyCount "93"]
[EventDate "2006.02.26"]
[EventType "swiss"]
[EventRounds "9"]
[EventCountry "SLO"]
[SourceTitle "EXT 2009"]
[Source "ChessBase"]
[SourceDate "2008.11.26"]
[SourceVersion "1"]
[SourceVersionDate "2008.11.26"]
[SourceQuality "1"]

1. e4 b6 2. Nf3 Bb7 3. Nc3 e6 4. Bc4 Bb4 5. a3 Bxc3 6. dxc3 Bxe4 7. 0-0 Nc6 8. Bf4 Nf6 9. Re1 d5 10. Bd3 Bxd3 11. cxd3 Nh5 12. Qd2 Nxf4 13. Qxf4 0-0 14. Rad1 h6 15. c4 d4 16. Ne5 Nxe5 17. Qxe5 Qd6 18. Qe4 f5 19. Qxe6+ Qxe6 20. Rxe6 Rfe8 21. Rde1 Kf7 22. R6e5 Rxe5 23. Rxe5 Kf6 24. Rd5 c5 25. b4 Re8 26. h3 cxb4 27. axb4 Re1+ 28. Kh2 Rf1 29. Kg3 Rb1 30. b5 Kg5 31. Rxd4 g6 32. Rd7 Ra1 33. d4 Ra2 34. c5 f4+ 35. Kf3 Ra3+ 36. Ke4 bxc5 37. Rd5+ Kf6 38. Rxc5 g5 39. Rc6+ Kg7 40. b6 axb6 41. Rxb6 Ra2 42. f3 Re2+ 43. Kf5 Rxg2 44. Rb7+ Kh8 45. Kg6 Re2 46. Rb8+ Re8 47. Rxe8# 1-0